| 000 | 01646nam a22004457a 4500 | ||
|---|---|---|---|
| 003 | OSt | ||
| 005 | 20230421150950.0 | ||
| 008 | 221006b |||||||| |||| 00| 0 eng d | ||
| 040 | _cBiblioteca Lado V | ||
| 082 |
_a700 _bZ39a |
||
| 100 |
_9802 _aZaya, Antonio _eeditor _edirector |
||
| 245 |
_aAtalantica/ _bRevista de Arte y Pensamiento/ |
||
| 260 |
_bCentro Atlantico de Arte Moderno _c2004 _aEspaña |
||
| 300 |
_c24x30cm _a136p. |
||
| 490 |
_v2004 _x1132-8428 _a39 |
||
| 505 | _tRenacimiento: Una Nueva Misión | ||
| 505 | _tParalela 2004 | ||
| 505 | _tGalerias Derriban | ||
| 505 | _tInstituto Frans Krajcberg de Arte y Medio Ambiente | ||
| 505 | _tKrajcberg es una Obra de la naturaleza | ||
| 505 | _tUn Portafolio de | ||
| 505 | _tEstrategias Barrocas | ||
| 505 | _tRicardo Ribenboim | ||
| 505 | _tUn Proyecto de Marcio Almeida | ||
| 505 | _tQuimera Jose Paulo | ||
| 505 | _tUn Portafolio de Mazeredo | ||
| 505 | _tUn Proyecto de Flavio Emanuel | ||
| 505 | _tEudes Mota | ||
| 650 |
_2Tesauro de Arte & Arquitectura _aARTE _9703 |
||
| 650 |
_2Tesauro de Arte & Arquitectura _aEXPOSICIONES |
||
| 650 |
_2Tesauro de Arte & Arquitectura _aCULTURA |
||
| 650 |
_2Tesauro de Arte & Arquitectura _aAPRECIACION |
||
| 650 |
_2Tesauro de Arte & Arquitectura _aTEORIA |
||
| 650 |
_2Tesauro de Arte & Arquitectura _aCRITICA |
||
| 650 |
_2Tesauro de Arte & Arquitectura _aFOTOGRAFIA _9702 |
||
| 650 |
_2Tesauro de Arte & Arquitectura _aLITERATURA |
||
| 650 |
_2Tesauro de Arte & Arquitectura _aARTE INTERNACIONAL |
||
| 650 |
_2Tesauro de Arte & Arquitectura _aESPAÑA |
||
| 942 |
_2ddc _c1 _h700 _iZ39a _n0 |
||
| 999 |
_c3439 _d3439 |
||